000 00291nam a2200145Ia 4500
100 _aHarrington/Paul
650 _aGeneral
942 _cBK
366 _f20
245 _aSecret of Teen Power
260 _bSimon
082 _a305.235
_bHAR
546 _aENGLISH
_cComputers
999 _c19160
_d19160